000 01855cam a22004817a 4500
003 CHAP
005 20220329142248.0
008 000406d199- mx b rs o00110 spa d
010 _a80715
011 _a81687
020 _a9701320654
035 _a92163
040 _cCHAP
082 0 4 _a312.0972
_bI53 Mor.
110 2 _aInstituto Nacional de Estadística, Geografía e Informática. México
_959304
245 1 0 _aEstadísticas vitales del estado de Morelos
_c/por Instituto Nacional de Estadística, Geografía e Informática
260 _aAguascalientes, Ags. :
_bInstituto Nacional de Estadística, Geografía e Informática,
_c1998-
300 _bgráfs. ; cuadros
410 1 _aINEGI
490 2 _aCuaderno
500 _aLa biblioteca tiene : 1990-96, 1997, 1998, 1999
590 _aBATCH-UPD
_b10
_c20130110
_lUCH01
_h0527
590 _aBATCH-UPD
_b10
_c20130110
_lUCH01
_h2309
590 _aBATCH-UPD
_b10
_c20130410
_lUCH01
_h0207
590 _aBATCH-UPD
_b10
_c20130410
_lUCH01
_h1600
590 _aBATCH-UPD
_b10
_c20130914
_lUCH01
_h1141
590 _aCONVERSION
_b10
_c20130109
_lUCH01
_h1345
650 1 4 _aDemografía.
_931742
650 1 4 _aDivorcio.
_933034
650 1 4 _aMatrimonio.
_973048
650 1 4 _aMuerte.
_979284
650 1 4 _aPoblación
_xEstadísticas
_zMorelos.
_989389
650 1 4 _aPoblación
_zMorelos.
_989429
810 0 0 _aINEGI
_958045
830 2 _aCuaderno
_929704
901 _aBK
905 _aPatricia Mendoza P.
942 _cLIBRO
949 _a312.0972 I53 Mor.
_bBC
_cINEGI
_d33724000776480
_eINEGI
_f1990-96
_h97059
_i92163
_sb
949 _a312.0972 I53 Mor.
_bBC
_cINEGI
_d33724000801080
_eINEGI
_f1998
_h97985
_i92163
_sb
949 _a312.0972 I53 Mor.
_bBC
_cINEGI
_d33724000835815
_eINEGI
_f1997
_gDonaciØn
_h100319
_i92163
_sb
949 _a312.0972 I53 Mor.
_bBC
_cINEGI
_d33724000852042
_eINEGI
_f1999
_h101384
_i92163
_sb
999 _c80715
_d80715